10 Countries with the Highest HDIs by Continent - Statistics

General Stats
  • This quiz has been taken 182 times
    104 since last reset
  • The average score is 55 of 59
Answer Stats
Continent HDI Country % Correct
Asia 0.919 Japan
100%
Asia 0.916 South Korea
100%
North America 0.929 Canada
99%
Europe 0.955 Switzerland
99%
Europe 0.932 United Kingdom
99%
Europe 0.947 Germany
98%
Asia 0.938 Singapore
98%
Europe 0.945 Sweden
98%
South America 0.845 Argentina
96%
Oceania 0.944 Australia
96%
South America 0.765 Brazil
96%
South America 0.851 Chile
96%
South America 0.767 Colombia
96%
South America 0.759 Ecuador
96%
Africa 0.707 Egypt
96%
Europe 0.938 Finland
96%
Europe 0.949 Iceland
96%
Europe 0.955 Ireland
96%
Asia 0.919 Israel
96%
Europe 0.957 Norway
96%
South America 0.777 Peru
96%
South America 0.738 Suriname
96%
North America 0.926 United States
96%
South America 0.817 Uruguay
96%
South America 0.718 Bolivia
95%
Europe 0.940 Denmark
95%
Oceania 0.743 Fiji
95%
Oceania 0.931 New Zealand
95%
North America 0.815 Panama
95%
South America 0.728 Paraguay
95%
Asia 0.848 Qatar
95%
Asia 0.890 United Arab Emirates
95%
North America 0.810 Costa Rica
94%
North America 0.779 Mexico
94%
Europe 0.944 Netherlands
94%
Africa 0.709 South Africa
94%
Africa 0.748 Algeria
92%
Asia 0.852 Bahrain
92%
Oceania 0.704 Marshall Islands
92%
Asia 0.854 Saudi Arabia
92%
Oceania 0.725 Tonga
92%
Africa 0.686 Morocco
90%
Africa 0.796 Seychelles
90%
North America 0.796 Trinidad and Tobago
90%
Oceania 0.630 Kiribati
89%
Africa 0.724 Libya
89%
Oceania 0.620 Micronesia
89%
Africa 0.740 Tunisia
89%
North America 0.814 Bahamas
88%
Africa 0.804 Mauritius
88%
Oceania 0.826 Palau
88%
Oceania 0.715 Samoa
88%
North America 0.814 Barbados
87%
North America 0.783 Cuba
85%
North America 0.779 Saint Kitts and Nevis
85%
Oceania 0.609 Vanuatu
83%
Africa 0.735 Botswana
82%
Asia 0.838 Brunei
80%
Africa 0.703 Gabon
68%
No matching quizzes found
Score Distribution
Percent of People with Each Score
Percentile by Number Answered
Your Score History
You have not taken this quiz since the last reset